[Event "Rated Blitz game"]
[Site "?"]
[Date "2021.06.25"]
[Round "?"]
[White "AngelPerezQuinones"]
[Black "annaly1979"]
[Result "0-1"]
[WhiteElo "2486"]
[BlackElo "2470"]
[PlyCount "113"]
[EventDate "2021.??.??"]
[EventType "blitz"]

1. e4 e5 2. Nf3 d5 3. Nxe5 Qe7 4. d4 f6 5. Nd3 Nc6 6. Nc3 dxe4 7. Nf4 f5 8.
Qh5+ Qf7 9. Qxf7+ Kxf7 10. Bc4+ Ke8 11. Nfd5 Bd6 12. Bf4 Kd7 13. O-O-O Nf6 14.
Bxd6 Nxd5 15. Bg3 Nxc3 16. bxc3 Na5 17. Bb5+ c6 18. Be2 Re8 19. f3 e3 20. f4
Kc7 21. Rhe1 Be6 22. a3 Bc4 23. Bd3 g6 24. Re2 Re7 25. Rde1 Rae8 26. Bh4 Re6
27. h3 h5 28. Bg3 b5 29. Bh2 Bd5 30. Bg1 Nb7 31. g3 Bf3 32. Rxe3 Rxe3 33. Rxe3
Rxe3 34. Bxe3 Nd6 35. Kd2 Bg2 36. h4 Be4 37. Bf2 a5 38. Be3 a4 39. Bf2 Kd7 40.
Be3 Ke6 41. Bf2 Kd5 42. Be3 Nf7 43. Bxe4+ Kxe4 44. Bg1 Nd6 45. Kc1 Nc4 46. Kd1
Kf3 47. Ke1 Kxg3 48. Ke2 Kxf4 49. Bh2+ Kg4 50. Kd3 Kxh4 51. d5 cxd5 52. Kd4
Nxa3 53. Kxd5 Nxc2 54. Kc5 a3 55. Kxb5 a2 56. c4 a1=Q 57. c5 {Normal} 0-1

[Event "Rated Blitz game"]
[Site "?"]
[Date "2021.06.25"]
[Round "?"]
[White "tk161"]
[Black "annaly1979"]
[Result "0-1"]
[WhiteElo "2663"]
[BlackElo "2478"]
[PlyCount "132"]
[EventDate "2021.??.??"]
[EventType "blitz"]

1. e4 e5 2. Nf3 d5 3. exd5 e4 4. Qe2 f5 5. d3 Nf6 6. Nc3 Bb4 7. dxe4 Bxc3+ 8.
bxc3 fxe4 9. Nd4 O-O 10. c4 c5 11. Nb3 Bf5 12. Be3 Nbd7 13. h3 Bg6 14. Qd2 b6
15. a4 Re8 16. Be2 Ne5 17. O-O Qd7 18. Bf4 Rad8 19. Qc3 Qf5 20. Bh2 Qg5 21. Qg3
Qf5 22. Qf4 Qd7 23. Qg5 Nf7 24. Qe3 Qf5 25. Qf4 Qd7 26. Qc7 Re7 27. Qxd7 Rdxd7
28. a5 e3 29. axb6 axb6 30. Bd3 e2 31. Rfe1 Bxd3 32. cxd3 Ne5 33. Bxe5 Rxe5 34.
f4 Re3 35. Nc1 Rde7 36. Ra6 Nd7 37. Kf2 h5 38. Ra2 h4 39. Raxe2 Rxe2+ 40. Rxe2
Rf7 41. Kf3 g5 42. Re4 Nf6 43. Re5 Nh7 44. Ne2 Kf8 45. d6 Rd7 46. fxg5 Rxd6 47.
Re3 Kf7 48. Kg4 Kg6 49. Nf4+ Kg7 50. Re7+ Kg8 51. Nd5 Rg6 52. Kh5 Rxg5+ 53. Kh6
Rxg2 54. Rxh7 Rg3 55. Nf6+ Kf8 56. Rd7 Rxh3 57. Kg6 Rg3+ 58. Kf5 h3 59. Rh7
Rxd3 60. Ke6 Re3+ 61. Kd6 Rc3 62. Kd5 Rf3 63. Nd7+ Kg8 64. Nxb6 Kxh7 65. Nd7 h2
66. Ne5 Rf4 {Normal} 0-1

[Event "Rated Blitz game"]
[Site "?"]
[Date "2021.06.25"]
[Round "?"]
[White "AlexZambrano"]
[Black "annaly1979"]
[Result "1-0"]
[WhiteElo "2492"]
[BlackElo "2449"]
[PlyCount "61"]
[EventDate "2021.??.??"]
[EventType "blitz"]

1. e4 e5 2. Nf3 d5 3. exd5 e4 4. Qe2 f5 5. d3 Nf6 6. Nbd2 Be7 7. dxe4 fxe4 8.
Nxe4 Nxe4 9. Qxe4 O-O 10. Bd3 Bf5 11. Qc4 Bxd3 12. Qxd3 Nd7 13. Be3 a6 14. O-O
Bd6 15. Ng5 g6 16. Ne6 Qh4 17. g3 Qh3 18. Nxf8 Ne5 19. Qe4 Rxf8 20. f4 Ng4 21.
Qe6+ Kg7 22. Bd4+ Kh6 23. Rf2 Nxf2 24. Bxf2 Rf5 25. Qe4 Qh5 26. Qg2 Qe2 27. Bd4
Qc4 28. c3 Rxd5 29. Rd1 c5 30. Bg7+ Kxg7 31. Qxd5 {Normal} 1-0

[Event "Rated Blitz game"]
[Site "?"]
[Date "2021.06.25"]
[Round "?"]
[White "GloriousJingongo"]
[Black "KamranShirazi"]
[Result "0-1"]
[WhiteElo "2462"]
[BlackElo "2579"]
[PlyCount "52"]
[EventDate "2021.??.??"]
[EventType "blitz"]

1. e4 e5 2. Nf3 d5 3. d4 dxe4 4. Nxe5 Nd7 5. Qe2 Nxe5 6. Qxe4 Nf6 7. Qxe5+ Be6
8. Bc4 Bd6 9. Qe2 O-O 10. Bxe6 Re8 11. Bxf7+ Kxf7 12. Be3 c5 13. dxc5 Bxc5 14.
Qc4+ Qd5 15. Qxd5+ Nxd5 16. O-O Bxe3 17. fxe3+ Kg8 18. e4 Rxe4 19. Nd2 Rb4 20.
Nb3 Ne3 21. Rfc1 Rg4 22. g3 Nc4 23. Rab1 Re8 24. Kf2 Rf8+ 25. Kg2 Ne3+ 26. Kh3
Rf5 {Normal} 0-1

[Event "Rated Blitz game"]
[Site "?"]
[Date "2021.06.25"]
[Round "?"]
[White "wblodw"]
[Black "Berovski"]
[Result "0-1"]
[WhiteElo "2467"]
[BlackElo "2406"]
[PlyCount "46"]
[EventDate "2021.??.??"]
[EventType "blitz"]

1. e4 e5 2. Nf3 d5 3. Nxe5 Bd6 4. d4 dxe4 5. Bf4 Nf6 6. h3 O-O 7. Bh2 Nc6 8.
Nxc6 bxc6 9. Nc3 Bxh2 10. Rxh2 Rb8 11. b3 Qd6 12. Rh1 Re8 13. Qd2 e3 14. fxe3
Qg3+ 15. Kd1 Rxe3 16. Ne2 Qf2 17. Qe1 Rxe2 18. Qxe2 Qxd4+ 19. Qd3 Qxa1+ 20. Kd2
Be6 21. g4 Bd5 22. Bg2 Qxa2 23. Bxd5 Qa5+ {Normal} 0-1

[Event "Rated Blitz tournament CsOfvQby"]
[Site "?"]
[Date "2021.06.25"]
[Round "?"]
[White "Alexsur81"]
[Black "Vik1970"]
[Result "1-0"]
[WhiteElo "2817"]
[BlackElo "2227"]
[PlyCount "69"]
[EventDate "2021.??.??"]
[EventType "blitz"]

1. e4 e5 2. Nf3 d5 3. Nxe5 Bd6 4. d4 dxe4 5. Nc4 Nf6 6. Nxd6+ Qxd6 7. c4 O-O 8.
Nc3 Nc6 9. Be3 Bg4 10. Be2 Bxe2 11. Nxe2 Qb4+ 12. Qd2 Qxc4 13. O-O Rad8 14.
Rfc1 Qe6 15. Nf4 Qd6 16. Qc3 Nxd4 17. Qxd4 Qxd4 18. Bxd4 Rxd4 19. Rxc7 Rb8 20.
Rac1 g5 21. Ne2 Rd2 22. R7c2 Rbd8 23. h3 g4 24. Ng3 Kg7 25. h4 h5 26. a4 a5 27.
Rxd2 Rxd2 28. Rc5 Kg6 29. Rg5+ Kh6 30. Rf5 Kg6 31. Rxf6+ Kg7 32. Nxh5+ Kf8 33.
Rb6 Rd4 34. b3 Rd1+ 35. Kh2 {Normal} 1-0

[Event "Rated Rapid game"]
[Site "?"]
[Date "2021.06.25"]
[Round "?"]
[White "namakando"]
[Black "NazeerKK"]
[Result "0-1"]
[WhiteElo "2410"]
[BlackElo "2297"]
[PlyCount "54"]
[EventDate "2021.??.??"]
[EventType "rapid"]

1. e4 e5 2. Nf3 d5 3. exd5 e4 4. Qe2 Nf6 5. d3 Qxd5 6. dxe4 Qxe4 7. Nc3 Bb4 8.
Bd2 Qxe2+ 9. Bxe2 Nc6 10. O-O-O Be6 11. a3 Bc5 12. Rhf1 O-O-O 13. Ng5 Rhe8 14.
Nxe6 Rxe6 15. Bd3 Kb8 16. f3 Ne5 17. Bf5 Ree8 18. Bf4 Rxd1+ 19. Rxd1 Nc4 20.
Ne4 Nxe4 21. Bxe4 Be3+ 22. Bxe3 Nxe3 23. Rd2 Nc4 24. Rd7 f5 25. Bxf5 Re1+ 26.
Rd1 Rxd1+ 27. Kxd1 Ne3+ {Normal} 0-1

[Event "Rated Blitz game"]
[Site "?"]
[Date "2021.06.25"]
[Round "?"]
[White "nrm18"]
[Black "khalid_ontawar"]
[Result "0-1"]
[WhiteElo "2421"]
[BlackElo "2495"]
[PlyCount "51"]
[EventDate "2021.??.??"]
[EventType "blitz"]

1. e4 e5 2. Nf3 d5 3. Nxe5 Qe7 4. d4 f6 5. Ng4 dxe4 6. Ne3 Nc6 7. c3 Bd7 8. b4
O-O-O 9. a4 f5 10. g3 g5 11. a5 f4 12. gxf4 gxf4 13. Nd5 Qf7 14. Nxf4 Bh6 15.
Ne2 Rf8 16. Be3 Bxe3 17. fxe3 Qf3 18. Rg1 Qxe3 19. Qc2 Nge7 20. Nd2 Qf2+ 21.
Kd1 Nd5 22. Qxe4 Ne3+ 23. Kc1 Qe1+ 24. Kb2 Qxd2+ 25. Kb3 Bf5 26. Qd5 {Normal}
0-1

[Event "Rated Blitz game"]
[Site "?"]
[Date "2021.06.25"]
[Round "?"]
[White "fathul2008"]
[Black "lavilaine"]
[Result "0-1"]
[WhiteElo "2336"]
[BlackElo "2415"]
[PlyCount "68"]
[EventDate "2021.??.??"]
[EventType "blitz"]

1. e4 e5 2. Nf3 d5 3. Nc3 d4 4. Ne2 Bd6 5. d3 c5 6. Ng3 Nc6 7. Be2 Nge7 8. O-O
Be6 9. Ng5 Qd7 10. f4 f6 11. Nxe6 Qxe6 12. f5 Qf7 13. Bh5 g6 14. fxg6 hxg6 15.
Bg4 Kd8 16. a3 Kc7 17. Bd2 Raf8 18. b4 Qh7 19. h3 f5 20. exf5 gxf5 21. Bf3 e4
22. Nxe4 fxe4 23. Bxe4 Qh4 24. Rxf8 Rxf8 25. Qe1 Bg3 26. Qe2 Rf2 27. Qd1 Ne5
28. bxc5 Nf5 29. Bxf5 Rxf5 30. Rb1 Bf2+ 31. Kh1 Qg3 32. Qe2 Rf7 33. Qe4 Kb8 34.
Rxb7+ Rxb7 {Normal} 0-1

[Event "Rated Blitz game"]
[Site "?"]
[Date "2021.06.25"]
[Round "?"]
[White "Tirion166"]
[Black "Tristan2020"]
[Result "0-1"]
[WhiteElo "2486"]
[BlackElo "2340"]
[PlyCount "150"]
[EventDate "2021.??.??"]
[EventType "blitz"]

1. e4 e5 2. Nf3 d5 3. exd5 e4 4. Qe2 Nf6 5. Nc3 Bb4 6. Qb5+ c6 7. dxc6 Nxc6 8.
Ne5 a5 9. Nxc6 bxc6 10. Qg5 O-O 11. Be2 h6 12. Qe3 Nd5 13. Nxd5 cxd5 14. c3 Bd6
15. O-O f5 16. f4 Qc7 17. Kh1 Bc5 18. Qg3 d4 19. Bc4+ Kh8 20. b3 Rf6 21. Bb2
Qd6 22. cxd4 Bxd4 23. Bxd4 Qxd4 24. Qe3 Qd8 25. d3 exd3 26. Qxd3 Rd6 27. Qf3
Ra7 28. Rad1 Bb7 29. Rxd6 Qxd6 30. Qe3 Ra8 31. Be2 Be4 32. Bf3 Re8 33. Bxe4
Rxe4 34. Qf2 Qe6 35. Qa7 Re1 36. Kg1 Qe2 37. Qa8+ Kh7 38. Qf3 Rxf1+ 39. Qxf1
Qxa2 40. Qd3 Qa1+ 41. Kf2 Qf6 42. Qb5 Qd4+ 43. Kf3 Qe4+ 44. Kf2 Qxf4+ 45. Ke2
Qe4+ 46. Kd2 Qxg2+ 47. Kc3 Qe4 48. Kb2 f4 49. Qxa5 f3 50. Qc5 Qe2+ 51. Ka3 f2
52. Qf5+ Kg8 53. Qc8+ Kf7 54. Qf5+ Ke7 55. Qc5+ Kf6 56. Qd6+ Kf5 57. Qd5+ Kf4
58. Qd6+ Qe5 59. Qd2+ Kf3 60. Qd3+ Kg2 61. Qg6+ Qg5 62. Qe4+ Kg1 63. Qd4 Qf6
64. Qg4+ Kh1 65. Qe4+ Kxh2 66. Qc2 Qd6+ 67. b4 Qg3+ 68. Ka4 g5 69. b5 Qf4+ 70.
Ka5 Kh3 71. Qd3+ Kh4 72. Qf1 g4 73. Qh1+ Kg5 74. Qd5+ Qf5 75. Qd2+ Kh5 {
Time forfeit} 0-1

[Event "Rated Blitz game"]
[Site "?"]
[Date "2021.06.25"]
[Round "?"]
[White "micfel"]
[Black "Razario90"]
[Result "1-0"]
[WhiteElo "2449"]
[BlackElo "2371"]
[PlyCount "39"]
[EventDate "2021.??.??"]
[EventType "blitz"]

1. e4 e5 2. Nf3 d5 3. Nxe5 dxe4 4. d4 exd3 5. Bxd3 Bd6 6. Nf3 Qe7+ 7. Be2 Nf6
8. O-O O-O 9. Nc3 h6 10. h3 Rd8 11. Bd3 Nc6 12. Re1 Qf8 13. a3 Be6 14. Be3 a6
15. Qc1 Rd7 16. Ne4 Nxe4 17. Bxe4 Bc5 18. c4 Rad8 19. b3 Bxa3 20. Qxa3 {Normal}
1-0

[Event "Rated Blitz game"]
[Site "?"]
[Date "2021.06.25"]
[Round "?"]
[White "Jano83"]
[Black "lavilaine"]
[Result "0-1"]
[WhiteElo "2393"]
[BlackElo "2411"]
[PlyCount "34"]
[EventDate "2021.??.??"]
[EventType "blitz"]

1. e4 e5 2. Nf3 d5 3. Nxe5 Qe7 4. d4 f6 5. Qh5+ g6 6. Nxg6 Qxe4+ 7. Kd1 Qxg6 8.
Qxd5 Ne7 9. Qc4 Nbc6 10. Nc3 Bf5 11. Bf4 O-O-O 12. d5 Nxd5 13. Nxd5 Be6 14. Bd3
Bxd5 15. Qa4 Qxg2 16. Re1 Qxf2 17. a3 Bf3+ {Normal} 0-1

[Event "Rated Blitz game"]
[Site "?"]
[Date "2021.06.25"]
[Round "?"]
[White "Kandy_Boy"]
[Black "Lorian2514"]
[Result "0-1"]
[WhiteElo "2437"]
[BlackElo "2462"]
[PlyCount "106"]
[EventDate "2021.??.??"]
[EventType "blitz"]

1. e4 e5 2. Nf3 d5 3. exd5 e4 4. Qe2 Qe7 5. Nd4 c5 6. dxc6 Nf6 7. Nc3 Qe5 8.
cxb7 Bxb7 9. Qb5+ Nbd7 10. Qxb7 Rb8 11. Nc6 Rxb7 12. Nxe5 Nxe5 13. b3 Bc5 14.
h3 O-O 15. Bb2 Re8 16. Na4 Nf3+ 17. Kd1 Bxf2 18. gxf3 exf3 19. Ba6 Rbe7 20. c4
Ne4 21. d3 Rd8 22. Kc2 Ng3 23. Rhd1 Nf5 24. Bc1 Bd4 25. Nc3 Re2+ 26. Nxe2 fxe2
27. Bb2 exd1=Q+ 28. Rxd1 Ne3+ 29. Kd2 Nxd1 30. Bxd4 Rxd4 31. c5 Rd5 32. Kxd1
Rxc5 33. b4 Rh5 34. Bc8 Kf8 35. a4 Ke7 36. b5 Kd8 37. Bg4 Rd5 38. Kc2 Kc7 39.
Kc3 f5 40. Bf3 Rd6 41. a5 g5 42. Kc4 h6 43. d4 Rf6 44. Kc5 Rg6 45. Bc6 g4 46.
b6+ axb6+ 47. axb6+ Kb8 48. hxg4 fxg4 49. d5 g3 50. d6 g2 51. Bxg2 Rxg2 52. Kc6
Rc2+ 53. Kd7 h5 {Normal} 0-1

[Event "Rated Blitz game"]
[Site "?"]
[Date "2021.06.25"]
[Round "?"]
[White "Spaine"]
[Black "King_bg03"]
[Result "1-0"]
[WhiteElo "2479"]
[BlackElo "2526"]
[PlyCount "61"]
[EventDate "2021.??.??"]
[EventType "blitz"]

1. e4 e5 2. Nf3 d5 3. Nxe5 Bd6 4. d4 dxe4 5. Nc4 Be7 6. Nc3 Nf6 7. Bg5 O-O 8.
Be2 Nc6 9. d5 Nxd5 10. Qxd5 Bxg5 11. Qxd8 Rxd8 12. Nxe4 Be7 13. c3 Be6 14. Ne3
Ne5 15. O-O Nd3 16. Bxd3 Rxd3 17. Rfd1 Rxd1+ 18. Rxd1 Bxa2 19. Rd7 Bd6 20. Nxd6
cxd6 21. Rxb7 Be6 22. f4 g6 23. g4 Kg7 24. f5 Ba2 25. Rd7 Rb8 26. b4 Rc8 27.
Rxa7 Bb3 28. g5 gxf5 29. Nxf5+ Kf8 30. b5 Rxc3 31. Ra8+ {Normal} 1-0

[Event "Rated Blitz game"]
[Site "?"]
[Date "2021.06.25"]
[Round "?"]
[White "emeraldddd"]
[Black "annaly1979"]
[Result "0-1"]
[WhiteElo "2485"]
[BlackElo "2445"]
[PlyCount "102"]
[EventDate "2021.??.??"]
[EventType "blitz"]

1. e4 e5 2. Nf3 d5 3. exd5 e4 4. Ne5 Bd6 5. d4 Nf6 6. Bb5+ Nbd7 7. Nxd7 Bxd7 8.
Bxd7+ Qxd7 9. O-O h6 10. c4 b6 11. c5 bxc5 12. dxc5 Bxc5 13. Nc3 O-O 14. Re1
Rfe8 15. Bf4 Qf5 16. Bg3 e3 17. fxe3 Rxe3 18. Rxe3 Bxe3+ 19. Kh1 Re8 20. Bxc7
Bf4 21. Bxf4 Qxf4 22. Qf3 Qe5 23. Rd1 Ng4 24. g3 Qh5 25. h4 Re3 26. Qf4 Rxc3
27. bxc3 Nf2+ 28. Qxf2 Qxd1+ 29. Kh2 Qxd5 30. Qxa7 Qd2+ 31. Kh3 Qxc3 32. a4
Qc8+ 33. Kh2 Qc2+ 34. Kg1 Qd1+ 35. Kg2 Qe2+ 36. Kh3 Qf1+ 37. Kh2 Qe2+ 38. Kg1
Qe1+ 39. Kg2 Qe4+ 40. Kh3 Qh1+ 41. Kg4 h5+ 42. Kf4 Qf1+ 43. Ke4 Qc4+ 44. Qd4
Qc2+ 45. Kf3 Qf5+ 46. Qf4 Qd3+ 47. Kg2 Qc2+ 48. Kf3 Qd3+ 49. Qe3 Qd1+ 50. Qe2
Qxa4 51. Qe8+ Qxe8 {Normal} 0-1

[Event "Rated Blitz game"]
[Site "?"]
[Date "2021.06.25"]
[Round "?"]
[White "MisterMarple1963"]
[Black "annaly1979"]
[Result "0-1"]
[WhiteElo "2459"]
[BlackElo "2443"]
[PlyCount "70"]
[EventDate "2021.??.??"]
[EventType "blitz"]

1. e4 e5 2. Nf3 d5 3. d4 dxe4 4. Nxe5 Bd6 5. Nc4 Nf6 6. Be2 O-O 7. O-O h6 8.
Nxd6 cxd6 9. c3 Nc6 10. Be3 Bf5 11. h3 Re8 12. Nd2 d5 13. b4 Ne7 14. Nb3 Bg6
15. Qd2 Nf5 16. a4 Rc8 17. a5 Nh4 18. Nc5 b6 19. axb6 axb6 20. Nb3 Qd7 21. Ra6
Bf5 22. Kh2 Bxh3 23. gxh3 Qf5 24. Bf4 g5 25. Bg3 Nf3+ 26. Bxf3 exf3 27. Nc1 Ne4
28. Qd3 Rxc3 29. Qb5 Rec8 30. Nd3 Nxg3 31. fxg3 Rxd3 32. Rf2 h5 33. Rxb6 h4 34.
Rc6 hxg3+ 35. Kh1 Rd1+ {Normal} 0-1

[Event "Rated Blitz tournament B5DXX7pA"]
[Site "?"]
[Date "2021.06.25"]
[Round "?"]
[White "WaYoto"]
[Black "Yakub1"]
[Result "0-1"]
[WhiteElo "2223"]
[BlackElo "2442"]
[PlyCount "82"]
[EventDate "2021.??.??"]
[EventType "blitz"]

1. e4 e5 2. Nf3 d5 3. d4 dxe4 4. Nxe5 Nd7 5. Nxd7 Bxd7 6. Nc3 Nf6 7. Bg5 Bb4 8.
Bc4 h6 9. Bxf6 Qxf6 10. O-O Bf5 11. Nd5 Qd6 12. Nxb4 Qxb4 13. Bb3 Qd6 14. Re1
O-O-O 15. c3 Bg6 16. Qe2 f5 17. Rad1 f4 18. a3 Rhf8 19. c4 f3 20. Qe3 fxg2 21.
c5 Qf6 22. d5 Qxb2 23. Rb1 Qe5 24. d6 Rf3 25. Qxf3 exf3 26. Rxe5 Bxb1 27. Be6+
Kb8 28. d7 c6 29. Bg4 Kc7 30. Re7 g5 31. a4 Ba2 32. a5 Bd5 33. h3 b6 34. axb6+
axb6 35. cxb6+ Kxb6 36. Re8 Kc7 37. Re7 c5 38. Rh7 c4 39. Rxh6 c3 40. Bf5 Rxd7
41. Bxd7 c2 {Normal} 0-1

[Event "Rated Blitz game"]
[Site "?"]
[Date "2021.06.25"]
[Round "?"]
[White "peppie23"]
[Black "King_bg03"]
[Result "1-0"]
[WhiteElo "2538"]
[BlackElo "2533"]
[PlyCount "115"]
[EventDate "2021.??.??"]
[EventType "blitz"]

1. e4 e5 2. Nf3 d5 3. exd5 e4 4. Qe2 Nf6 5. d3 Qxd5 6. Nc3 Bb4 7. Nd2 Bxc3 8.
bxc3 O-O 9. dxe4 Qe5 10. Bb2 Re8 11. f3 Nc6 12. O-O-O Qa5 13. Kb1 Be6 14. Nb3
Qh5 15. Qe3 Nxe4 16. g4 Bxg4 17. fxg4 Qxg4 18. Bh3 Qh4 19. Bd7 Re7 20. Rhg1 Nf6
21. Qh3 Qxh3 22. Bxh3 Ne5 23. Rdf1 Ng6 24. Nd4 Ne4 25. Kc1 Nd6 26. Ba3 Rae8 27.
Nf5 Nxf5 28. Bxf5 Re2 29. h3 R2e5 30. c4 Ra5 31. Kb2 Ra4 32. Kb3 Ra6 33. Bd3
Ne5 34. Bb2 Rb6+ 35. Kc3 Nxd3 36. cxd3 Re2 37. Rb1 f6 38. c5 Rb5 39. Ba3 Ra5
40. Kb4 b6 41. cxb6 axb6 42. Rb2 c5+ 43. Kb3 Re3 44. Rd1 c4+ 45. Kb4 cxd3 46.
Rb3 Re4+ 47. Kc3 Rea4 48. Bb4 Rxa2 49. Bxa5 Rxa5 50. Rxd3 Rc5+ 51. Kd2 Rc6 52.
Rd7 h6 53. Rg3 g5 54. Re3 Rc8 55. Ree7 Rf8 56. Rg7+ Kh8 57. Rh7+ Kg8 58. Rdg7#
{Normal} 1-0

[Event "Rated Blitz game"]
[Site "?"]
[Date "2021.06.25"]
[Round "?"]
[White "Vekhjartad"]
[Black "lavilaine"]
[Result "1-0"]
[WhiteElo "2401"]
[BlackElo "2411"]
[PlyCount "123"]
[EventDate "2021.??.??"]
[EventType "blitz"]

1. e4 e5 2. Nf3 d5 3. d3 dxe4 4. dxe4 Qxd1+ 5. Kxd1 Nc6 6. c3 Bg4 7. Kc2 Bxf3
8. gxf3 O-O-O 9. Be3 f6 10. Nd2 Nge7 11. a4 a6 12. a5 Ng6 13. b4 Nf4 14. b5 Nb8
15. Ba7 axb5 16. Bxb5 Na6 17. Rhb1 Be7 18. Nc4 Nc5 19. Ne3 c6 20. Bf1 Ncd3 21.
a6 b5 22. Nf5 Bc5 23. Bxc5 Nxc5 24. Bxb5 cxb5 25. Rxb5 Nce6 26. Ne7+ Kc7 27.
Nd5+ Nxd5 28. exd5 Nf4 29. c4 Ra8 30. Rb7+ Kd6 31. Rxg7 Rhc8 32. Kc3 Ne2+ 33.
Kd3 Nf4+ 34. Ke4 Rxc4+ 35. Kf5 Kxd5 36. Rd7+ Kc6 37. Rxh7 Nd5 38. a7 Rf4+ 39.
Ke6 Nc7+ 40. Kf7 Kb6 41. Rb1+ Kxa7 42. Kg6 Rc4 43. Kxf6 Rb8 44. Rxb8 Kxb8 45.
Kxe5 Rc2 46. Rh8+ Kb7 47. Kf4 Rxf2 48. Kg3 Rb2 49. h4 Ne6 50. Rh5 Kc7 51. Rf5
Kd6 52. Rf6 Ke7 53. Rh6 Kf7 54. Rh7+ Kg6 55. Ra7 Ng7 56. Ra6+ Kh5 57. Ra5+ Kg6
58. Ra6+ Kf7 59. Ra5 Ne6 60. Ra6 Rb3 61. Ra7+ Kf6 62. Ra6 {Time forfeit} 1-0

[Event "Rated Blitz game"]
[Site "?"]
[Date "2021.06.25"]
[Round "?"]
[White "chesspartha"]
[Black "Tristan2020"]
[Result "1-0"]
[WhiteElo "2424"]
[BlackElo "2352"]
[PlyCount "35"]
[EventDate "2021.??.??"]
[EventType "blitz"]

1. e4 e5 2. Nf3 d5 3. d3 dxe4 4. dxe4 Qxd1+ 5. Kxd1 Bg4 6. Be3 Nc6 7. Nbd2
O-O-O 8. c3 Nf6 9. Kc2 h6 10. Bb5 Bd7 11. Bxc6 Bxc6 12. Nxe5 Rxd2+ 13. Kxd2
Nxe4+ 14. Ke2 Bd5 15. Rhd1 c6 16. f3 Ng5 17. h4 Ne6 18. Nxf7 {Normal} 1-0

[Event "Rated Blitz game"]
[Site "?"]
[Date "2021.06.25"]
[Round "?"]
[White "templario97"]
[Black "annaly1979"]
[Result "1-0"]
[WhiteElo "2565"]
[BlackElo "2489"]
[PlyCount "33"]
[EventDate "2021.??.??"]
[EventType "blitz"]

1. e4 e5 2. Nf3 d5 3. exd5 e4 4. Qe2 f5 5. d3 Nf6 6. Nc3 Bb4 7. dxe4 Bxc3+ 8.
bxc3 fxe4 9. Ng5 O-O 10. c4 c6 11. Bb2 cxd5 12. O-O-O Qa5 13. cxd5 Na6 14. Nxe4
Nxe4 15. Qxe4 Bf5 16. Qd4 Rac8 17. Qxg7# {Normal} 1-0

[Event "Rated Blitz game"]
[Site "?"]
[Date "2021.06.25"]
[Round "?"]
[White "meridaandres"]
[Black "KamranShirazi"]
[Result "0-1"]
[WhiteElo "2445"]
[BlackElo "2577"]
[PlyCount "42"]
[EventDate "2021.??.??"]
[EventType "blitz"]

1. e4 e5 2. Nf3 d5 3. Nxe5 Bd6 4. d4 dxe4 5. Nc3 Bxe5 6. dxe5 Qxd1+ 7. Nxd1 Nc6
8. Bb5 Bd7 9. Bxc6 Bxc6 10. Bf4 O-O-O 11. Nc3 Ne7 12. O-O Ng6 13. Bg3 Rd2 14.
Rac1 e3 15. Nb1 exf2+ 16. Rxf2 Rxf2 17. Kxf2 h5 18. h3 h4 19. Bh2 Rh5 20. Re1
Rg5 21. Nc3 Rxg2+ {Normal} 0-1

[Event "Rated Blitz game"]
[Site "?"]
[Date "2021.06.25"]
[Round "?"]
[White "meridaandres"]
[Black "KamranShirazi"]
[Result "0-1"]
[WhiteElo "2446"]
[BlackElo "2575"]
[PlyCount "58"]
[EventDate "2021.??.??"]
[EventType "blitz"]

1. e4 e5 2. Nf3 d5 3. Nxe5 Bd6 4. d4 dxe4 5. Nc3 Bxe5 6. dxe5 Qxd1+ 7. Kxd1 Nc6
8. Bf4 Bg4+ 9. Be2 O-O-O+ 10. Ke1 Bxe2 11. Nxe2 Nb4 12. Rc1 Nxa2 13. Rd1 Ne7
14. c3 Nd5 15. Ra1 Nab4 16. cxb4 Nxb4 17. Kf1 a6 18. g4 Nd3 19. Kg2 h5 20. h3
hxg4 21. hxg4 Rxh1 22. Rxh1 Nxb2 23. Rh7 Rg8 24. Nc3 Nd3 25. Kg3 Nc5 26. Be3
Nd7 27. Kf4 g5+ 28. Kxe4 Re8 29. Kf5 Rxe5# {Normal} 0-1

[Event "Rated Blitz tournament WtVNEszh"]
[Site "?"]
[Date "2021.06.25"]
[Round "?"]
[White "EckhardSchmittdiel"]
[Black "NaestvedVinderAltid"]
[Result "1-0"]
[WhiteElo "2560"]
[BlackElo "2266"]
[PlyCount "63"]
[EventDate "2021.??.??"]
[EventType "blitz"]

1. e4 e5 2. Nf3 d5 3. d4 dxe4 4. Nxe5 Bd6 5. Qh5 g6 6. Qe2 Bxe5 7. dxe5 Qd5 8.
Nc3 Qxe5 9. Qxe4 Qxe4+ 10. Nxe4 Bf5 11. Bd3 Nc6 12. Bd2 O-O-O 13. Bc3 Bxe4 14.
Bxe4 f6 15. Bxc6 bxc6 16. O-O Rd6 17. Rad1 Nh6 18. Rxd6 cxd6 19. Bxf6 Re8 20.
Rc1 Kd7 21. h3 Nf7 22. Kf1 d5 23. Bd4 a6 24. c4 Re4 25. Rd1 Nd6 26. cxd5 cxd5
27. Bc5 Nf5 28. g4 Nh4 29. Rd3 Kc6 30. Be3 Rc4 31. Bg5 Rc1+ 32. Bxc1 {Normal}
1-0

[Event "Rated Blitz game"]
[Site "?"]
[Date "2021.06.25"]
[Round "?"]
[White "samijohn"]
[Black "JHUNAKz1976"]
[Result "1-0"]
[WhiteElo "2285"]
[BlackElo "2509"]
[PlyCount "27"]
[EventDate "2021.??.??"]
[EventType "blitz"]

1. e4 e5 2. Nf3 d5 3. Nxe5 dxe4 4. Bc4 Qg5 5. Bxf7+ Ke7 6. d4 Qxg2 7. Rf1 Nc6
8. Nc3 Nxe5 9. Qh5 Ng6 10. Bxg8 Rxg8 11. Nd5+ Kf7 12. Nxc7 Bg4 13. Qd5+ Ke7 14.
Bg5# {Normal} 1-0

[Event "Rated Blitz game"]
[Site "?"]
[Date "2021.06.25"]
[Round "?"]
[White "Koenigsindisch"]
[Black "annaly1979"]
[Result "1-0"]
[WhiteElo "2556"]
[BlackElo "2485"]
[PlyCount "49"]
[EventDate "2021.??.??"]
[EventType "blitz"]

1. e4 e5 2. Nf3 d5 3. exd5 e4 4. Qe2 f5 5. d3 Nf6 6. Nc3 Bb4 7. Nd2 Bxc3 8.
bxc3 O-O 9. c4 c6 10. dxe4 fxe4 11. Bb2 cxd5 12. cxd5 Qb6 13. Nc4 Qb4+ 14. Qd2
Nxd5 15. Qxb4 Nxb4 16. O-O-O Nxa2+ 17. Kb1 Nb4 18. Nd6 Be6 19. Rd4 N8c6 20.
Rxe4 Ba2+ 21. Ka1 Bd5 22. Rg4 Nxc2+ 23. Kb1 N2b4 24. Rxg7+ Kh8 25. Rg6+ {Normal
} 1-0

[Event "Rated Blitz game"]
[Site "?"]
[Date "2021.06.25"]
[Round "?"]
[White "Viageiro"]
[Black "KamranShirazi"]
[Result "0-1"]
[WhiteElo "2534"]
[BlackElo "2539"]
[PlyCount "98"]
[EventDate "2021.??.??"]
[EventType "blitz"]

1. e4 e5 2. Nf3 d5 3. Nxe5 Bd6 4. d4 dxe4 5. Bc4 Bxe5 6. dxe5 Qxd1+ 7. Kxd1
Bg4+ 8. Be2 Bxe2+ 9. Kxe2 Nc6 10. Nc3 Nd4+ 11. Kd1 O-O-O 12. Bd2 f5 13. exf6
Nxf6 14. Re1 Rhe8 15. h3 b5 16. a3 c5 17. Kc1 b4 18. axb4 cxb4 19. Ne2 Nc6 20.
Bg5 Rd5 21. Bxf6 gxf6 22. Rd1 Rc5 23. Nd4 Nxd4 24. Rxd4 a5 25. Kd2 f5 26. g3
Kc7 27. c3 bxc3+ 28. bxc3 Rb8 29. Kc2 Kc6 30. Rad1 Rb6 31. Rd6+ Kb7 32. Rd7+
Ka6 33. Rxh7 Rbc6 34. Rdd7 Rxc3+ 35. Kd1 Rf3 36. Ra7+ Kb5 37. Rhb7+ Ka4 38. Rb2
Ka3 39. Rb5 a4 40. Rb1 Ka2 41. Rc1 Rxc1+ 42. Kxc1 a3 43. g4 f4 44. g5 Rxf2 45.
g6 e3 46. g7 Rf1+ 47. Kc2 Rg1 48. Kd3 Rg3 49. Ke2 Rg2+ {Time forfeit} 0-1

[Event "Rated Blitz game"]
[Site "?"]
[Date "2021.06.24"]
[Round "?"]
[White "Shaginyan_A"]
[Black "Type_Smart"]
[Result "0-1"]
[WhiteElo "2501"]
[BlackElo "2365"]
[PlyCount "86"]
[EventDate "2021.??.??"]
[EventType "blitz"]

1. e4 e5 2. Nf3 d5 3. Nxe5 Bd6 4. d4 dxe4 5. Nc4 Nc6 6. Nc3 Bb4 7. Be3 Nf6 8.
a3 Bxc3+ 9. bxc3 Nd5 10. Qd2 O-O 11. Ne5 Nxe5 12. dxe5 Nxe3 13. Qxe3 Bf5 14.
Qf4 Bg6 15. Bc4 Qe7 16. O-O Rae8 17. e6 fxe6 18. Qe3 Kh8 19. Qxa7 b6 20. Qa4
Qf6 21. Rad1 Qxc3 22. Qb3 Qxb3 23. Bxb3 Rd8 24. Bxe6 Bh5 25. Rxd8 Rxd8 26. Re1
Bg6 27. Bb3 Bf5 28. Kf1 g6 29. Ke2 Kg7 30. Ke3 c5 31. Bc4 Rd4 32. Bb5 h5 33. h3
h4 34. Rb1 Rd6 35. a4 Kf6 36. Bc4 Ke5 37. Be2 g5 38. Rb5 Bd7 39. Rb2 Bxa4 40.
Ra2 Bd7 41. Ra8 Be6 42. Re8 Kf6 43. Bg4 Bf7 {Time forfeit} 0-1